The Big Picture a Socialogy Primer /

Enregistré dans:
Détails bibliographiques
Auteur principal: Wett, Jon
Format: Livre
Langue:English
Publié: McGraw Hill Companies Inc, 2007.
Sujets:
Tags: Ajouter un tag
Pas de tags, Soyez le premier à ajouter un tag!
Thư viện lưu trữ: Mạng thư viện Đại học Đà Nẵng
LEADER 00935cam a22002771a 4500
001 000033636
003 9821
005 20250807090845.0
008 151016s2007 000 eng
041 |a eng 
082 |a 420.30  |b WE-J 
100 |a Wett, Jon 
245 4 |a The Big Picture a Socialogy Primer /  |c Jon Wett. 
260 |a McGraw Hill Companies Inc,  |c 2007. 
300 |a 310p. : ill ; 25cm. 
650 |a Jon Wett, Socialogy, Society, Family, 2007 
653 |a Socialogy  |a Society 
OWN |a LNN 
AVA |a UDN50  |b LNN  |c English  |d 420.30 WE-J  |e available  |t Error 5001 Not defined in file expand_doc_bib_avail.  |f 1  |g 0  |h N  |i 0  |j AN  |k 1 
999 |a From the UDN01 
AVA |a UDN50  |b LNN  |c English  |d 420.30 WE-J  |e available  |t Error 5001 Not defined in file expand_doc_bib_avail.  |f 1  |g 0  |h N  |i 0  |j AN  |k 1 
TYP |a Monograph 
980 |a Mạng thư viện Đại học Đà Nẵng